| 000 | 00415nam a22001457a 4500 | ||
|---|---|---|---|
| 003 | OSt | ||
| 005 | 20240403094706.0 | ||
| 008 | 240403b |||||||| |||| 00| 0 eng d | ||
| 040 | _cCentral Library MRSPTU | ||
| 100 | _aB.S Rattan | ||
| 245 | _aKittur de Rani Channamma (ਕਿੱਤੂਰ ਦੀ ਰਾਣੀ ਚੰਨਾਮਾਂ) | ||
| 250 | _a2nd | ||
| 260 |
_aAmritsar _bRupy Parkashan _c2015 |
||
| 942 |
_2ddc _cBK _n0 |
||
| 999 |
_c9944 _d9944 |
||